Social determinants of health and frailty are associated with all-cause mortality in older adults /
El estudio "Social determinants of health and frailty are associated with all-cause mortality in older adults" examina la asociación entre los determinantes sociales de la salud, la fragilidad y la mortalidad en adultos mayores. El objetivo es analizar cómo factores sociales como el nivel...
Kaydedildi:
| Yazar: | |
|---|---|
| Diğer Yazarlar: | , , , , , |
| Materyal Türü: | Kitap |
| Dil: | English |
| Konular: | |
| Online Erişim: | texto completo desde el sitio de la revista |
| Etiketler: |
Etiketle
Etiket eklenmemiş, İlk siz ekleyin!
|
MARC
| LEADER | 00000nam a22000007a 4500 | ||
|---|---|---|---|
| 003 | cru CIDCACS/IIS | ||
| 005 | 20230902205455.0 | ||
| 007 | ta | ||
| 008 | 200212s2019 mx |||p|r||||||0| ||eng|d | ||
| 040 | |c cru CIDCACS/IIS | ||
| 100 | 1 | |9 9059 |a González-Bautista, Emmanuel | |
| 245 | 1 | |a Social determinants of health and frailty are associated with all-cause mortality in older adults / |c Emmanuel González-Bautista, Betty Manrique-Espinoza, J Alberto Ávila-Funes, Nirmala Naidoo, Paul Kowal, Somnath Chatterji, Aarón Salinas-Rodríguez | |
| 300 | |a páginas 504-513: |b tablas, gráfico | ||
| 520 | |a El estudio "Social determinants of health and frailty are associated with all-cause mortality in older adults" examina la asociación entre los determinantes sociales de la salud, la fragilidad y la mortalidad en adultos mayores. El objetivo es analizar cómo factores sociales como el nivel socioeconómico, la educación y el entorno social influyen en la fragilidad y la mortalidad en esta población. El estudio utiliza datos de una encuesta a nivel nacional que incluye información sobre los determinantes sociales de la salud, la presencia de fragilidad y el seguimiento de la mortalidad. Los resultados muestran que los determinantes sociales de la salud y la fragilidad están asociados con un mayor riesgo de mortalidad en los adultos mayores.RAR 02/2023 | ||
| 650 | 4 | |2 OCDE |9 2632 |a MORTALIDAD | |
| 650 | 0 | |2 OCDE |9 7051 |a PERSONAS DE EDAD AVANZADA | |
| 650 | 0 | |2 OCDE |9 634 |a ASPECTOS EDUCATIVOS | |
| 650 | 0 | |2 OCDE |9 6354 |a ENCUESTAS | |
| 700 | 1 | |9 9060 |a Manrique-Espinoza, Betty | |
| 700 | 1 | |9 9061 |a Ávila-Funes, J. Alberto | |
| 700 | 1 | |9 9062 |a Naidoo, Nirmala | |
| 700 | 1 | |9 9063 |a Kowal, Paul | |
| 700 | 1 | |9 9064 |a Chatterji, Somnath | |
| 700 | 1 | |9 9065 |a Salinas-Rodríguez, Aarón | |
| 773 | 0 | |0 19284 |9 4342 |a Instituto Nacional de Salud Pública (México) |d México: Instituto Nacional de Salud Pública |o 19107 |t Salud Pública de México / |x 00363634 | |
| 856 | |u http://saludpublica.mx/index.php/spm/article/view/10062/11768 |y texto completo desde el sitio de la revista | ||
| 942 | |2 ddc |c PP | ||
| 999 | |c 42937 |d 42937 | ||
